000 01550cam a2200277Ia 4500
008
020 _a9781845694371 (hbk.)
049 _aMAIN
090 _aTS1828
_bAPP
245 0 0 _aApplications of nonwovens in technical textiles /
_cedited by R.A. Chapman.
260 _aCambridge, U.K. :
_bWoodhead Publishing in association with the Textile Institute ;
_aBoca Raton, Fla. :
_bCRC Press,
_c2010.
300 _axviii, 212 p. :
_bill. ;
_c24 cm.
490 1 _aWoodhead publishing series in textiles ;
_v102.
504 _aIncludes bibliographical references.
500 _aIncludes index.
520 1 _a"The nonwoven fabrics industry is one of the fastest growing sectors of the textile business. Such fabrics have a broad spectrum of end uses, ranging from surgical garments to interior textiles. This book will discuss the recent advances in the nonwoven industry and will discuss the important range of technical nonwoven applications. Part 1 will briefly discuss the fundamental principles of nonwoven fabrics, such as the formation of nonwovens. Part 2 provides useful examples of how nonwoven materials can be used in a variety of textile products, such as apparel and interior textiles."--Google Books.
650 0 _aNonwoven fabrics.
650 0 _aIndustrial fabrics.
700 1 _aChapman, Roger.
710 2 _aTextile Institute (Manchester, England)
907 _a.b10353240
_b18-12-14
_c18-12-14
003
005 20230123122132.0
040 _cNUST
942 _cBOOKS
_kTS1828
_mAPP
999 _c128404
_d128404